Statistics for 10 Most liked NBA Teams

Click here to take the quiz!

General Stats

  • This quiz has been taken 501 times
  • The average score is 4 of 10

Answer Stats

HintAnswer% Correct
# 1Lakers
99%
# 2Bulls
63%
# 3Warriors
57%
# 4Celtics
56%
# 5Heat
44%
# 6Spurs
34%
# 9Knicks
23%
#10Clippers
16%
# 8Thunder
16%
# 7Cavaliers
15%

Score Distribution

Percentile by Number Answered

Percent of People with Each Score

Your Score History

You have not taken this quiz